Parallel Processing - Occam and the Transputer

Gespeichert in:
Bibliographische Detailangaben
1. Verfasser: Carling, Alison
Format: Buch
Sprache:Englisch
Veröffentlicht: Wilmslow Sigma Press 1988
Ausgabe:1. ed.
Tags: Tag hinzufügen
Keine Tags, Fügen Sie das erste Tag hinzu!

MARC

LEADER 00000nam a2200000 4500
001 c034703
005 20250606115618.5
041 0 |a eng 
044 |a US 
245 1 0 |a Parallel Processing - Occam and the Transputer  |c Alison Carling 
250 |a 1. ed. 
264 1 |a Wilmslow  |b Sigma Press  |c 1988 
300 |a 156 s. 
100 1 |a Carling, Alison